000 00919cam a22002774a 4500
999 _c21098
_d21098
001 12887458
003 OSt
005 20170121084501.0
008 020808s2004 ohua 001 0 eng
010 _a 2002111169
020 _a0324171889 (pbk.)
035 _a(DLC) 2002111169
040 _aDLC
_cDLC
_dDLC
042 _apcc
050 0 0 _aHB172
_b.M346 2004
082 0 0 _a338.5
_221
100 1 _aMankiw, N. Gregory.
245 1 0 _aPrinciples of microeconomics /
_cN. Gregory Mankiw.
246 3 0 _aMicroeconomics
250 _a3rd ed.
260 _aMason, Ohio :
_bThomson/South-Western,
_cc2004.
300 _axxxi, 509 p. :
_bcol. ill. ;
_c26 cm.
500 _aIncludes index.
650 0 _aMicroeconomics.
906 _a7
_bcbc
_corignew
_d3
_eepcn
_f20
_gy-gencatlg
942 _2lcc
_cBOOKS
_hHB 172 .M36 2004